00569cam a2200205ua 45000010005000000080039000050200018000440400009000620410008000710820012000791000032000912450054001232500012001772600046001893000010002356530022002456530035002677000032003027000029003349662160316n ii |||gr||||Z||||||asm a9789384303570 cMAIN aasm a320.954 aKatoni, Padmeswar,eAuthor.1 aBharatiya sarkar aru rajniticby Padmeswar Katoni a1st ed. aDibrugarh:bMahaveer publications,c2016. a220p. aPolitical science aIndian government and politics1 aBordoloi, Plabita,eAuthor. aBorah, Pranjal,eAuthor.